Chicago Bears Coaching Staff Since 2000 - Statistics

General Stats
  • This quiz has been taken 6 times
  • The average score is 33 of 107
Answer Stats
Hint Answer % Correct
2025 HC Ben Johnson
100%
2004 | 2005 | 2006 | +6 others HC Lovie Smith
100%
2022 | 2023 | 2024 DC* | HC Matt Eberflus
83%
2018 | 2019 | 2020 | 2021 HC Matt Nagy
67%
2025 DC Dennis Allen
50%
2015 | 2016 | 2017 HC John Fox
50%
2015 OC Adam Gase
33%
2007 | 2008 | 2009 DC Bob Babich
33%
2004 | 2005 | 2006 | +6 others STC Dave Toub
33%
2025 OC Declan Doyle
33%
2000 | 2001 | 2002 | 2003 HC Dick Jauron
33%
2013 | 2014 HC Marc Trestman
33%
2004 | 2005 | 2006 DC Ron Rivera
33%
2005 | 2006 | 2007 | +2 others OC Ron Turner
33%
2022 | 2023 DC Alan Williams
17%
2020 | 2021 OC Bill Lazor
17%
2024 OC* Chris Beatty
17%
2018 | 2019 | 2020 | 2021 STC Chris Tabor
17%
2019 | 2020 DC Chuck Pagano
17%
2016 | 2017 OC Dowell Loggains
17%
2024 DC Eric Washington
17%
2022 | 2023 OC Luke Getsy
17%
2018 | 2019 OC Mark Helfrich
17%
2013 | 2014 DC Mel Tucker
17%
2010 | 2011 OC Mike Martz
17%
2012 OC Mike Tice
17%
2022 | 2023 | 2024 | 2025 STC Richard Hightower
17%
2021 DC Sean Desai
17%
2024 OC Shane Waldron
17%
2024 HC* Thomas Brown
17%
2015 | 2016 | 2017 | 2018 DC Vic Fangio
17%
2013 | 2014 OC Aaron Kromer
0%
2013 | 2014 STC Dwayne Stukes
0%
2000 OC Gary Crowton
0%
2000 | 2001 | 2002 | 2003 DC Greg Blanche
0%
2015 | 2016 | 2017 STC Jeff Rodgers
0%
2001 | 2002 | 2003 OC John Shoop
0%
2000 STC Keith Armstrong
0%
2001 | 2002 | 2003 STC Mike Sweatman
0%
2010 | 2011 | 2012 DC Rod Marinelli
0%
2004 OC Terry Shea
0%
No matching quizzes found
Score Distribution
Percent of People with Each Score
Percentile by Number Answered
Your Score History
You have not taken this quiz